[Event "Stay Safe Play From Home 392"]
[Site "Emanuel Lasker Arena"]
[Date "2020.08.18"]
[Round "2"]
[White "Padmaesh M K"]
[Black "AChessPlayer"]
[Result "0-1"]
[WhiteElo "1944"]
[BlackElo "2367"]
[PlyCount "52"]
[EventDate "2020.08.18"]
[EventType "swiss (blitz)"]

1. e4 {[%emt 0:00:01]} c6 {[%emt 0:00:00]} 2. Nf3 {[%emt 0:00:01]} d5 {[%emt 0:00:00]} 3. exd5 {[%emt 0:00:00]} cxd5 {[%emt 0:00:00]} 4. d4 {[%emt 0:00:00]} Nc6 {[%emt 0:00:00]} 5. c4 {[%emt 0:00:00]} Bg4 {[%emt 0:00:00]} 6. Nc3 {[%emt 0:00:00]} Nf6 {[%emt 0:00:01]} 7. Qb3 {[%emt 0:00:01]} Bxf3 {[%emt 0:00:01]} 8. gxf3 {[%emt 0:00:00]} Nxd4 {[%emt 0:00:07]} 9. Qa4+ {[%emt 0:00:06]} Qd7 {[%emt 0:00:02]} 10. Nb5 {[%emt 0:00:04]} Nxb5 {[%emt 0:00:01]} 11. cxb5 {[%emt 0:00:01]} b6 {[%emt 0:00:01]} 12. Bg5 {[%emt 0:00:01]} e6 {[%emt 0:00:01]} 13. Rc1 {[%emt 0:00:03]} Be7 {[%emt 0:00:01]} 14. Bd3 {[%emt 0:00:03]} O-O {[%emt 0:00:01]} 15. Qh4 {[%emt 0:00:02]} Rfc8 {[%emt 0:00:09]} 16. Bxf6 {[%emt 0:00:09]} Rxc1+ {[%emt 0:00:02]} 17. Kd2 {[%emt 0:00:01]} Bxf6 {[%emt 0:00:02]} 18. Qxh7+ {[%emt 0:00:02]} Kf8 {[%emt 0:00:00]} 19. Rxc1 {[%emt 0:00:02]} Ke7 {[%emt 0:00:01]} 20. f4 {[%emt 0:00:03]} Qd6 {[%emt 0:00:01]} 21. f5 {[%emt 0:00:01]} Qf4+ {[%emt 0:00:01]} 22. Kc2 {[%emt 0:00:02]} Rc8+ {[%emt 0:00:02]} 23. Kb3 {[%emt 0:00:00]} Qxc1 {[%emt 0:00:01]} 24. fxe6 {[%emt 0:00:01]} fxe6 {[%emt 0:00:00]} 25. Qh4 {[%emt 0:00:02]} Qxb2+ {[%emt 0:00:01]} 26. Ka4 {[%emt 0:00:02]} Bxh4 {[%emt 0:00:00] Padmaesh M K resigns Padmaesh M K resigns Padmaesh M K resigns (Lag: Av=0.55s, max=1.0s) (Lag: Av=0.55s, max=1.0s) (Lag: Av=0.55s, max=1.0s)} 0-1

[Event "Stay Safe Play From Home 392"]
[Site "Emanuel Lasker Arena"]
[Date "2020.08.18"]
[Round "2"]
[White "Stefanone"]
[Black "Tran Minh Thang"]
[Result "0-1"]
[WhiteElo "1940"]
[BlackElo "2455"]
[PlyCount "101"]
[EventDate "2020.08.18"]
[EventType "swiss (blitz)"]

1. d4 {[%emt 0:00:01]} Nf6 {[%emt 0:00:01]} 2. e3 {[%emt 0:00:00]} b6 {[%emt 0:00:00]} 3. f4 {[%emt 0:00:00]} Bb7 {[%emt 0:00:00]} 4. Nf3 {[%emt 0:00:00]} e6 {[%emt 0:00:00]} 5. Bd3 {[%emt 0:00:02]} Be7 {[%emt 0:00:00]} 6. Qe2 {[%emt 0:00:01]} d5 {[%emt 0:00:01]} 7. c3 {[%emt 0:00:01]} Nbd7 {[%emt 0:00:00]} 8. Nbd2 {[%emt 0:00:00]} Ne4 {[%emt 0:00:00]} 9. Bxe4 {[%emt 0:00:01]} dxe4 {[%emt 0:00:00]} 10. Ne5 {[%emt 0:00:00]} Nf6 {[%emt 0:00:01]} 11. O-O {[%emt 0:00:01]} O-O {[%emt 0:00:01]} 12. Ng4 {[%emt 0:00:01]} Nd7 {[%emt 0:00:01]} 13. Ne5 {[%emt 0:00:01]} Nf6 {[%emt 0:00:01]} 14. Ng4 {[%emt 0:00:01]} Nxg4 {[%emt 0:00:01]} 15. Qxg4 {[%emt 0:00:01]} f5 {[%emt 0:00:00]} 16. Qe2 {[%emt 0:00:01]} c5 {[%emt 0:00:00]} 17. Nc4 {[%emt 0:00:01]} Ba6 {[%emt 0:00:01]} 18. b3 {[%emt 0:00:01]} Qd5 {[%emt 0:00:01]} 19. Re1 {[%emt 0:00:03]} Rac8 {[%emt 0:00:02]} 20. Ba3 {[%emt 0:00:02]} Rfe8 {[%emt 0:00:02]} 21. Qb2 {[%emt 0:00:01]} Bxc4 {[%emt 0:00:01]} 22. bxc4 {[%emt 0:00:01]} Qxc4 {[%emt 0:00:00]} 23. Rac1 {[%emt 0:00:02]} Qa4 {[%emt 0:00:02]} 24. Qb3 {[%emt 0:00:04]} Qxb3 {[%emt 0:00:04]} 25. axb3 {[%emt 0:00:00]} cxd4 {[%emt 0:00:00]} 26. Bxe7 {[%emt 0:00:03]} Rxe7 {[%emt 0:00:00]} 27. cxd4 {[%emt 0:00:01]} Rec7 {[%emt 0:00:00]} 28. Rxc7 {[%emt 0:00:01]} Rxc7 {[%emt 0:00:00]} 29. Re2 {[%emt 0:00:02]} Kf7 {[%emt 0:00:00]} 30. Kf2 {[%emt 0:00:00]} Ke7 {[%emt 0:00:00]} 31. h3 {[%emt 0:00:00]} Kd6 {[%emt 0:00:00]} 32. g4 {[%emt 0:00:00]} Kd5 {[%emt 0:00:00]} 33. Kg3 {[%emt 0:00:01]} a5 {[%emt 0:00:01]} 34. Kh4 {[%emt 0:00:01]} Rc3 {[%emt 0:00:03]} 35. Kg5 {[%emt 0:00:01]} g6 {[%emt 0:00:01]} 36. Kh6 {[%emt 0:00:01]} Rxb3 {[%emt 0:00:01]} 37. Kxh7 {[%emt 0:00:01]} fxg4 {[%emt 0:00:03]} 38. hxg4 {[%emt 0:00:00]} a4 {[%emt 0:00:01]} 39. Kxg6 {[%emt 0:00:01]} a3 {[%emt 0:00:00]} 40. f5 {[%emt 0:00:01]} exf5 {[%emt 0:00:01]} 41. gxf5 {[%emt 0:00:00]} Rb2 {[%emt 0:00:00]} 42. Re1 {[%emt 0:00:01]} a2 {[%emt 0:00:00]} 43. Ra1 {[%emt 0:00:01]} b5 {[%emt 0:00:02]} 44. f6 {[%emt 0:00:01]} Ke6 {[%emt 0:00:00]} 45. Kg7 {[%emt 0:00:01]} Rg2+ {[%emt 0:00:01]} 46. Kf8 {[%emt 0:00:01]} Kxf6 {[%emt 0:00:00]} 47. Ke8 {[%emt 0:00:02]} Ke6 {[%emt 0:00:00]} 48. Kd8 {[%emt 0:00:01]} Kd6 {[%emt 0:00:01]} 49. Kc8 {[%emt 0:00:01]} b4 {[%emt 0:00:00]} 50. Kb7 {[%emt 0:00:01]} b3 {[%emt 0:00:00]} 51. Rh1 {[%emt 0:00:01] Stefanone abbandona Stefanone abbandona Stefanone abbandona (Lag: Av=0.68s, max=1.4s) (Lag: Av=0.68s, max=1.4s) (Lag: Av=0.68s, max=1.4s)} 0-1

[Event "Stay Safe Play From Home 392"]
[Site "Emanuel Lasker Arena"]
[Date "2020.08.18"]
[Round "2"]
[White "Archek"]
[Black "Fat Kevin"]
[Result "0-1"]
[WhiteElo "1620"]
[BlackElo "1933"]
[PlyCount "36"]
[EventDate "2020.08.18"]
[EventType "swiss (blitz)"]

1. d4 {[%emt 0:00:05]} c5 {[%emt 0:00:00]} 2. e3 {[%emt 0:00:02]} Nf6 {[%emt 0:00:00]} 3. f4 {[%emt 0:00:01]} cxd4 {[%emt 0:00:00]} 4. exd4 {[%emt 0:00:02]} d5 {[%emt 0:00:00]} 5. h3 {[%emt 0:00:02]} Nc6 {[%emt 0:00:00]} 6. Nf3 {[%emt 0:00:01]} Ne4 {[%emt 0:00:00]} 7. Bd3 {[%emt 0:00:01]} f5 {[%emt 0:00:00]} 8. O-O {[%emt 0:00:02]} Qc7 {[%emt 0:00:01]} 9. c3 {[%emt 0:00:03]} Bd7 {[%emt 0:00:01]} 10. Be3 {[%emt 0:00:04]} e6 {[%emt 0:00:02]} 11. Ne5 {[%emt 0:00:03]} Be7 {[%emt 0:00:01]} 12. Qh5+ {[%emt 0:00:03]} g6 {[%emt 0:00:04]} 13. Nxg6 {[%emt 0:00:07]} Ng3 {[%emt 0:00:02]} 14. Qh6 {[%emt 0:00:09]} Nxf1 {[%emt 0:00:04]} 15. Nxh8 {[%emt 0:00:03]} Nxe3 {[%emt 0:00:03]} 16. Qh5+ {[%emt 0:00:07]} Kd8 {[%emt 0:00:02]} 17. Nf7+ {[%emt 0:00:02]} Kc8 {[%emt 0:00:01]} 18. Ne5 {[%emt 0:00:04]} Nxe5 {[%emt 0:00:01] TimeW TimeW TimeW} 0-1

[Event "Stay Safe Play From Home 392"]
[Site "Emanuel Lasker Arena"]
[Date "2020.08.18"]
[Round "2"]
[White "Trotsky"]
[Black "TheCHESSHOUSE"]
[Result "0-1"]
[WhiteElo "1609"]
[BlackElo "1954"]
[PlyCount "54"]
[EventDate "2020.08.18"]
[EventType "swiss (blitz)"]

1. d4 {[%emt 0:00:01]} Nf6 {[%emt 0:00:01]} 2. e3 {[%emt 0:00:00]} g6 {[%emt 0:00:00]} 3. c4 {[%emt 0:00:01]} Bg7 {[%emt 0:00:00]} 4. Nc3 {[%emt 0:00:01]} d6 {[%emt 0:00:00]} 5. Bd3 {[%emt 0:00:01]} O-O {[%emt 0:00:00]} 6. Qc2 {[%emt 0:00:01]} Nc6 {[%emt 0:00:00]} 7. a3 {[%emt 0:00:02]} e5 {[%emt 0:00:01]} 8. d5 {[%emt 0:00:01]} Ne7 {[%emt 0:00:01]} 9. Nf3 {[%emt 0:00:01]} c6 {[%emt 0:00:02]} 10. Ng5 {[%emt 0:00:01]} cxd5 {[%emt 0:00:01]} 11. h4 {[%emt 0:00:02]} h5 {[%emt 0:00:01]} 12. Bd2 {[%emt 0:00:03]} dxc4 {[%emt 0:00:03]} 13. Bxc4 {[%emt 0:00:02]} d5 {[%emt 0:00:00]} 14. Bd3 {[%emt 0:00:02]} e4 {[%emt 0:00:01]} 15. Ncxe4 {[%emt 0:00:01]} dxe4 {[%emt 0:00:01]} 16. Bxe4 {[%emt 0:00:01]} Nxe4 {[%emt 0:00:01]} 17. Qxe4 {[%emt 0:00:01]} Bf5 {[%emt 0:00:00]} 18. Qc4 {[%emt 0:00:01]} Rc8 {[%emt 0:00:01]} 19. Qb3 {[%emt 0:00:01]} Bc2 {[%emt 0:00:04]} 20. Qa2 {[%emt 0:00:05]} Nc6 {[%emt 0:00:07]} 21. Bc3 {[%emt 0:00:02]} Ne5 {[%emt 0:00:03]} 22. f4 {[%emt 0:00:03]} Nd3+ {[%emt 0:00:01]} 23. Kf1 {[%emt 0:00:02]} Qb6 {[%emt 0:00:01]} 24. Bd4 {[%emt 0:00:10]} Bxd4 {[%emt 0:00:02]} 25. exd4 {[%emt 0:00:02]} Qxd4 {[%emt 0:00:00]} 26. Ne4 {[%emt 0:00:07]} Qxe4 {[%emt 0:00:01]} 27. Kg1 {[%emt 0:00:03]} Qxf4 {[%emt 0:00:02] Âðåìÿ Âðåìÿ Âðåìÿ (Lag: Av=1.00s, max=5.5s) (Lag: Av=1.00s, max=5.5s) (Lag: Av=1.00s, max=5.5s)} 0-1

[Event "Stay Safe Play From Home 392"]
[Site "Emanuel Lasker Arena"]
[Date "2020.08.18"]
[Round "2"]
[White "Dreamsoldier"]
[Black "Lazieri3"]
[Result "0-1"]
[WhiteElo "1239"]
[BlackElo "2106"]
[PlyCount "40"]
[EventDate "2020.08.18"]
[EventType "swiss (blitz)"]

1. e4 {[%emt 0:00:02]} c6 {[%emt 0:00:00]} 2. Nf3 {[%emt 0:00:01]} d5 {[%emt 0:00:00]} 3. exd5 {[%emt 0:00:00]} cxd5 {[%emt 0:00:00]} 4. d4 {[%emt 0:00:00]} Nc6 {[%emt 0:00:00]} 5. Be3 {[%emt 0:00:00]} Nf6 {[%emt 0:00:00]} 6. Bb5 {[%emt 0:00:00]} Bg4 {[%emt 0:00:01]} 7. Bxc6+ {[%emt 0:00:00]} bxc6 {[%emt 0:00:01]} 8. Nbd2 {[%emt 0:00:00]} e6 {[%emt 0:00:01]} 9. h3 {[%emt 0:00:02]} Bh5 {[%emt 0:00:01]} 10. c3 {[%emt 0:00:00]} Bd6 {[%emt 0:00:01]} 11. Qa4 {[%emt 0:00:01]} Qc7 {[%emt 0:00:02]} 12. Ne5 {[%emt 0:00:00]} O-O {[%emt 0:00:02]} 13. Nxc6 {[%emt 0:00:01]} Rfc8 {[%emt 0:00:04]} 14. Ne5 {[%emt 0:00:02]} Bxe5 {[%emt 0:00:01]} 15. dxe5 {[%emt 0:00:00]} Qxe5 {[%emt 0:00:00]} 16. O-O {[%emt 0:00:01]} Bg6 {[%emt 0:00:02]} 17. Bd4 {[%emt 0:00:01]} Qf4 {[%emt 0:00:02]} 18. g3 {[%emt 0:00:01]} Qxd2 {[%emt 0:00:02]} 19. Bxf6 {[%emt 0:00:02]} gxf6 {[%emt 0:00:00]} 20. Kg2 {[%emt 0:00:01]} Qxb2 {[%emt 0:00:01] Dreamsoldier terk eder (Lag: Av=0.51s, max=0.6s)} 0-1

[Event "Stay Safe Play From Home 392"]
[Site "Emanuel Lasker Arena"]
[Date "2020.08.18"]
[Round "3"]
[White "NTBT_DHS"]
[Black "Lazieri3"]
[Result "1-0"]
[WhiteElo "2541"]
[BlackElo "2107"]
[PlyCount "129"]
[EventDate "2020.08.18"]
[EventType "swiss (blitz)"]

1. d4 {[%emt 0:00:01]} c6 {[%emt 0:00:00]} 2. c4 {[%emt 0:00:00]} d5 {[%emt 0:00:00]} 3. Nf3 {[%emt 0:00:00]} Nf6 {[%emt 0:00:00]} 4. cxd5 {[%emt 0:00:00]} cxd5 {[%emt 0:00:02]} 5. Nc3 {[%emt 0:00:00]} Nc6 {[%emt 0:00:00]} 6. Bg5 {[%emt 0:00:01]} e6 {[%emt 0:00:01]} 7. e3 {[%emt 0:00:01]} Be7 {[%emt 0:00:01]} 8. Bd3 {[%emt 0:00:00]} h6 {[%emt 0:00:01]} 9. Bh4 {[%emt 0:00:01]} Nd7 {[%emt 0:00:01]} 10. Bxe7 {[%emt 0:00:02]} Qxe7 {[%emt 0:00:00]} 11. O-O {[%emt 0:00:00]} O-O {[%emt 0:00:01]} 12. Rc1 {[%emt 0:00:00]} Nb6 {[%emt 0:00:01]} 13. Bb5 {[%emt 0:00:03]} Bd7 {[%emt 0:00:01]} 14. a3 {[%emt 0:00:02]} a6 {[%emt 0:00:02]} 15. Bd3 {[%emt 0:00:02]} e5 {[%emt 0:00:01]} 16. dxe5 {[%emt 0:00:01]} Nxe5 {[%emt 0:00:01]} 17. Nxe5 {[%emt 0:00:01]} Qxe5 {[%emt 0:00:00]} 18. Qb3 {[%emt 0:00:01]} Nc4 {[%emt 0:00:04]} 19. Bxc4 {[%emt 0:00:04]} dxc4 {[%emt 0:00:00]} 20. Qxc4 {[%emt 0:00:00]} Bc6 {[%emt 0:00:02]} 21. Qf4 {[%emt 0:00:02]} Qxf4 {[%emt 0:00:02]} 22. exf4 {[%emt 0:00:00]} Rfe8 {[%emt 0:00:00]} 23. Rfe1 {[%emt 0:00:00]} Rad8 {[%emt 0:00:01]} 24. f3 {[%emt 0:00:03]} Rxe1+ {[%emt 0:00:03]} 25. Rxe1 {[%emt 0:00:01]} Rd2 {[%emt 0:00:00]} 26. Re2 {[%emt 0:00:00]} Rd4 {[%emt 0:00:02]} 27. Kf2 {[%emt 0:00:06]} g6 {[%emt 0:00:01]} 28. g3 {[%emt 0:00:01]} Rd3 {[%emt 0:00:02]} 29. Re3 {[%emt 0:00:01]} Rd2+ {[%emt 0:00:00]} 30. Re2 {[%emt 0:00:00]} Rd3 {[%emt 0:00:01]} 31. Ne4 {[%emt 0:00:00]} Rb3 {[%emt 0:00:03]} 32. Nc3 {[%emt 0:00:01]} b5 {[%emt 0:00:04]} 33. Ke3 {[%emt 0:00:03]} b4 {[%emt 0:00:01]} 34. axb4 {[%emt 0:00:01]} Rxb4 {[%emt 0:00:01]} 35. Rf2 {[%emt 0:00:00]} a5 {[%emt 0:00:02]} 36. Kd3 {[%emt 0:00:00]} a4 {[%emt 0:00:02]} 37. Kc2 {[%emt 0:00:00]} Rc4 {[%emt 0:00:05]} 38. Kb1 {[%emt 0:00:02]} a3 {[%emt 0:00:01]} 39. Nd1 {[%emt 0:00:02]} axb2 {[%emt 0:00:01]} 40. Nxb2 {[%emt 0:00:00]} Rc3 {[%emt 0:00:01]} 41. Rc2 {[%emt 0:00:02]} Rxc2 {[%emt 0:00:02]} 42. Kxc2 {[%emt 0:00:00]} Bxf3 {[%emt 0:00:00]} 43. Kd3 {[%emt 0:00:00]} Bd5 {[%emt 0:00:01]} 44. Ke3 {[%emt 0:00:00]} Be6 {[%emt 0:00:01]} 45. Nd3 {[%emt 0:00:01]} Kg7 {[%emt 0:00:00]} 46. Kd4 {[%emt 0:00:00]} h5 {[%emt 0:00:00]} 47. Nc5 {[%emt 0:00:00]} Kf6 {[%emt 0:00:00]} 48. Ke4 {[%emt 0:00:00]} Bf5+ {[%emt 0:00:01]} 49. Kf3 {[%emt 0:00:01]} Be6 {[%emt 0:00:00]} 50. Ne4+ {[%emt 0:00:01]} Ke7 {[%emt 0:00:01]} 51. Ng5 {[%emt 0:00:00]} Bd5+ {[%emt 0:00:01]} 52. Ke3 {[%emt 0:00:00]} Kf6 {[%emt 0:00:00]} 53. Nh3 {[%emt 0:00:00]} Be6 {[%emt 0:00:00]} 54. Nf2 {[%emt 0:00:00]} Kg7 {[%emt 0:00:00]} 55. Ne4 {[%emt 0:00:00]} Bf5 {[%emt 0:00:00]} 56. Nc3 {[%emt 0:00:00]} Be6 {[%emt 0:00:00]} 57. Nb5 {[%emt 0:00:00]} Kf6 {[%emt 0:00:00]} 58. Nd4 {[%emt 0:00:00]} Ke7 {[%emt 0:00:00]} 59. Nf3 {[%emt 0:00:01]} Kf6 {[%emt 0:00:00]} 60. Ne5 {[%emt 0:00:00]} Ke7 {[%emt 0:00:00]} 61. h4 {[%emt 0:00:00]} Kf6 {[%emt 0:00:00]} 62. Nf3 {[%emt 0:00:00]} Ke7 {[%emt 0:00:00]} 63. Ng5 {[%emt 0:00:00]} Kf6 {[%emt 0:00:00]} 64. Ne4+ {[%emt 0:00:00]} Ke7 {[%emt 0:00:01]} 65. Kd4 {[%emt 0:00:00] Time Time Time (Lag: Av=0.76s, max=1.3s) (Lag: Av=0.76s, max=1.3s) (Lag: Av=0.76s, max=1.3s)} 1-0

[Event "Stay Safe Play From Home 392"]
[Site "Emanuel Lasker Arena"]
[Date "2020.08.18"]
[Round "3"]
[White "Lamborghini"]
[Black "Tran Minh Thang"]
[Result "0-1"]
[WhiteElo "2373"]
[BlackElo "2457"]
[PlyCount "96"]
[EventDate "2020.08.18"]
[EventType "swiss (blitz)"]

1. e4 {[%emt 0:00:01]} c5 {[%emt 0:00:01]} 2. Nf3 {[%emt 0:00:01]} e6 {[%emt 0:00:00]} 3. d4 {[%emt 0:00:01]} cxd4 {[%emt 0:00:00]} 4. Nxd4 {[%emt 0:00:00]} a6 {[%emt 0:00:00]} 5. Nc3 {[%emt 0:00:01]} d6 {[%emt 0:00:00]} 6. Be3 {[%emt 0:00:01]} b5 {[%emt 0:00:00]} 7. Qd2 {[%emt 0:00:01]} Bb7 {[%emt 0:00:00]} 8. f3 {[%emt 0:00:00]} Nd7 {[%emt 0:00:00]} 9. O-O-O {[%emt 0:00:01]} Qc7 {[%emt 0:00:00]} 10. Kb1 {[%emt 0:00:01]} Rc8 {[%emt 0:00:00]} 11. g4 {[%emt 0:00:01]} Nb6 {[%emt 0:00:01]} 12. Qf2 {[%emt 0:00:04]} Nc4 {[%emt 0:00:02]} 13. Bxc4 {[%emt 0:00:01]} Qxc4 {[%emt 0:00:01]} 14. Nb3 {[%emt 0:00:01]} Qc7 {[%emt 0:00:03]} 15. Bb6 {[%emt 0:00:02]} Qd7 {[%emt 0:00:01]} 16. h4 {[%emt 0:00:03]} Nf6 {[%emt 0:00:01]} 17. g5 {[%emt 0:00:01]} Nh5 {[%emt 0:00:01]} 18. f4 {[%emt 0:00:03]} g6 {[%emt 0:00:01]} 19. Rhe1 {[%emt 0:00:01]} Bg7 {[%emt 0:00:01]} 20. f5 {[%emt 0:00:00]} Bxc3 {[%emt 0:00:05]} 21. bxc3 {[%emt 0:00:01]} O-O {[%emt 0:00:01]} 22. Bd4 {[%emt 0:00:02]} e5 {[%emt 0:00:01]} 23. Bxe5 {[%emt 0:00:01]} Rfe8 {[%emt 0:00:09]} 24. Rxd6 {[%emt 0:00:01]} Qe7 {[%emt 0:00:05]} 25. Bh2 {[%emt 0:00:06]} Bxe4 {[%emt 0:00:01]} 26. Kb2 {[%emt 0:00:01]} Qc7 {[%emt 0:00:05]} 27. Rxg6+ {[%emt 0:00:02]} hxg6 {[%emt 0:00:00]} 28. Bxc7 {[%emt 0:00:00]} Rxc7 {[%emt 0:00:00]} 29. fxg6 {[%emt 0:00:02]} fxg6 {[%emt 0:00:00]} 30. Nd4 {[%emt 0:00:02]} Rce7 {[%emt 0:00:01]} 31. Qh2 {[%emt 0:00:02]} Ng7 {[%emt 0:00:01]} 32. Qd6 {[%emt 0:00:01]} Kh7 {[%emt 0:00:02]} 33. Rxe4 {[%emt 0:00:03]} Rxe4 {[%emt 0:00:01]} 34. Qxa6 {[%emt 0:00:02]} b4 {[%emt 0:00:00]} 35. Qd3 {[%emt 0:00:02]} bxc3+ {[%emt 0:00:00]} 36. Kxc3 {[%emt 0:00:00]} Rc8+ {[%emt 0:00:01]} 37. Kb2 {[%emt 0:00:01]} Rxh4 {[%emt 0:00:02]} 38. Nb5 {[%emt 0:00:02]} Rb4+ {[%emt 0:00:01]} 39. Kc1 {[%emt 0:00:02]} Rb8 {[%emt 0:00:01]} 40. a4 {[%emt 0:00:00]} Rxa4 {[%emt 0:00:01]} 41. Nd6 {[%emt 0:00:00]} Rd8 {[%emt 0:00:02]} 42. Kd2 {[%emt 0:00:00]} Ra6 {[%emt 0:00:02]} 43. Qh3+ {[%emt 0:00:00]} Kg8 {[%emt 0:00:01]} 44. Qb3+ {[%emt 0:00:00]} Kh7 {[%emt 0:00:00]} 45. Qh3+ {[%emt 0:00:01]} Nh5 {[%emt 0:00:00]} 46. Qb3 {[%emt 0:00:00]} Raxd6+ {[%emt 0:00:00]} 47. Kc1 {[%emt 0:00:00]} Rd1+ {[%emt 0:00:01]} 48. Kb2 {[%emt 0:00:00]} R1d7 {[%emt 0:00:00] Zeit Zeit Zeit (Lag: Av=0.73s, max=1.3s) (Lag: Av=0.73s, max=1.3s) (Lag: Av=0.73s, max=1.3s)} 0-1

[Event "Stay Safe Play From Home 392"]
[Site "Emanuel Lasker Arena"]
[Date "2020.08.18"]
[Round "3"]
[White "AChessPlayer"]
[Black "TheCHESSHOUSE"]
[Result "1/2-1/2"]
[WhiteElo "2369"]
[BlackElo "1958"]
[PlyCount "158"]
[EventDate "2020.08.18"]
[EventType "swiss (blitz)"]

1. Nf3 {[%emt 0:00:00]} Nf6 {[%emt 0:00:01]} 2. g3 {[%emt 0:00:00]} g6 {[%emt 0:00:00]} 3. Bg2 {[%emt 0:00:00]} Bg7 {[%emt 0:00:00]} 4. O-O {[%emt 0:00:00]} d6 {[%emt 0:00:00]} 5. d3 {[%emt 0:00:00]} O-O {[%emt 0:00:00]} 6. Nbd2 {[%emt 0:00:00]} e5 {[%emt 0:00:00]} 7. c3 {[%emt 0:00:00]} Nc6 {[%emt 0:00:00]} 8. e4 {[%emt 0:00:00]} Bd7 {[%emt 0:00:00]} 9. Qc2 {[%emt 0:00:00]} a6 {[%emt 0:00:00]} 10. Re1 {[%emt 0:00:00]} Qe7 {[%emt 0:00:00]} 11. b4 {[%emt 0:00:01]} Rad8 {[%emt 0:00:01]} 12. a3 {[%emt 0:00:01]} Bg4 {[%emt 0:00:01]} 13. c4 {[%emt 0:00:01]} Bxf3 {[%emt 0:00:02]} 14. Nxf3 {[%emt 0:00:00]} b6 {[%emt 0:00:03]} 15. Bb2 {[%emt 0:00:00]} a5 {[%emt 0:00:02]} 16. b5 {[%emt 0:00:01]} Nb8 {[%emt 0:00:01]} 17. Nd2 {[%emt 0:00:01]} Nbd7 {[%emt 0:00:01]} 18. Nf1 {[%emt 0:00:00]} Nc5 {[%emt 0:00:01]} 19. Ne3 {[%emt 0:00:00]} Qd7 {[%emt 0:00:02]} 20. h4 {[%emt 0:00:03]} h5 {[%emt 0:00:01]} 21. f3 {[%emt 0:00:02]} c6 {[%emt 0:00:01]} 22. Kh2 {[%emt 0:00:01]} cxb5 {[%emt 0:00:01]} 23. Bh3 {[%emt 0:00:01]} Qc6 {[%emt 0:00:02]} 24. cxb5 {[%emt 0:00:01]} Qxb5 {[%emt 0:00:00]} 25. Nc4 {[%emt 0:00:01]} d5 {[%emt 0:00:02]} 26. a4 {[%emt 0:00:01]} Qb3 {[%emt 0:00:04]} 27. Qxb3 {[%emt 0:00:01]} Nxb3 {[%emt 0:00:00]} 28. Nxe5 {[%emt 0:00:00]} dxe4 {[%emt 0:00:01]} 29. dxe4 {[%emt 0:00:01]} Rd2+ {[%emt 0:00:02]} 30. Kg1 {[%emt 0:00:00]} Rxb2 {[%emt 0:00:01]} 31. Rab1 {[%emt 0:00:00]} Rxb1 {[%emt 0:00:01]} 32. Rxb1 {[%emt 0:00:00]} Nd2 {[%emt 0:00:02]} 33. Rxb6 {[%emt 0:00:01]} Re8 {[%emt 0:00:03]} 34. Rd6 {[%emt 0:00:04]} Nfxe4 {[%emt 0:00:03]} 35. fxe4 {[%emt 0:00:00]} Nxe4 {[%emt 0:00:00]} 36. Rd5 {[%emt 0:00:04]} Rxe5 {[%emt 0:00:02]} 37. Rd8+ {[%emt 0:00:01]} Kh7 {[%emt 0:00:01]} 38. Kh2 {[%emt 0:00:00]} Nc3 {[%emt 0:00:02]} 39. Bf1 {[%emt 0:00:01]} Nxa4 {[%emt 0:00:01]} 40. Rd7 {[%emt 0:00:00]} Rf5 {[%emt 0:00:03]} 41. Bc4 {[%emt 0:00:01]} Nc5 {[%emt 0:00:01]} 42. Rc7 {[%emt 0:00:01]} a4 {[%emt 0:00:01]} 43. Bxf7 {[%emt 0:00:01]} a3 {[%emt 0:00:02]} 44. Bc4 {[%emt 0:00:02]} Ne4 {[%emt 0:00:01]} 45. Kg2 {[%emt 0:00:01]} Rc5 {[%emt 0:00:02]} 46. Rxc5 {[%emt 0:00:01]} Nxc5 {[%emt 0:00:00]} 47. Ba2 {[%emt 0:00:00]} Na4 {[%emt 0:00:00]} 48. Kf3 {[%emt 0:00:00]} Nc3 {[%emt 0:00:00]} 49. Bb3 {[%emt 0:00:00]} a2 {[%emt 0:00:00]} 50. Bxa2 {[%emt 0:00:00]} Nxa2 {[%emt 0:00:00]} 51. Ke3 {[%emt 0:00:00]} Nb4 {[%emt 0:00:00]} 52. Kf3 {[%emt 0:00:00]} Nc6 {[%emt 0:00:00]} 53. g4 {[%emt 0:00:00]} Nd8 {[%emt 0:00:00]} 54. gxh5 {[%emt 0:00:01]} gxh5 {[%emt 0:00:00]} 55. Kf4 {[%emt 0:00:00]} Kg6 {[%emt 0:00:00]} 56. Ke4 {[%emt 0:00:01]} Nf7 {[%emt 0:00:00]} 57. Kf4 {[%emt 0:00:00]} Nh6 {[%emt 0:00:00]} 58. Kf3 {[%emt 0:00:00]} Ng8 {[%emt 0:00:00]} 59. Kg3 {[%emt 0:00:00]} Kf6 {[%emt 0:00:00]} 60. Kh3 {[%emt 0:00:00]} Nh6 {[%emt 0:00:00]} 61. Kg3 {[%emt 0:00:00]} Kf5 {[%emt 0:00:00]} 62. Kf3 {[%emt 0:00:00]} Ng4 {[%emt 0:00:00]} 63. Kg3 {[%emt 0:00:00]} Ke4 {[%emt 0:00:00]} 64. Kg2 {[%emt 0:00:00]} Kf4 {[%emt 0:00:00]} 65. Kh3 {[%emt 0:00:00]} Ne5 {[%emt 0:00:00]} 66. Kh2 {[%emt 0:00:00]} Kg4 {[%emt 0:00:00]} 67. Kg2 {[%emt 0:00:00]} Kxh4 {[%emt 0:00:00]} 68. Kh2 {[%emt 0:00:00]} Kg4 {[%emt 0:00:00]} 69. Kg2 {[%emt 0:00:00]} h4 {[%emt 0:00:00]} 70. Kh2 {[%emt 0:00:00]} Nf3+ {[%emt 0:00:00]} 71. Kh1 {[%emt 0:00:00]} Be5 {[%emt 0:00:00]} 72. Kg2 {[%emt 0:00:00]} h3+ {[%emt 0:00:00]} 73. Kh1 {[%emt 0:00:00]} Nh4 {[%emt 0:00:01]} 74. Kg1 {[%emt 0:00:00]} Ng2 {[%emt 0:00:00]} 75. Kh1 {[%emt 0:00:00]} Ne3 {[%emt 0:00:00]} 76. Kg1 {[%emt 0:00:00]} Nf5 {[%emt 0:00:00]} 77. Kh1 {[%emt 0:00:00]} Ng3+ {[%emt 0:00:00]} 78. Kg1 {[%emt 0:00:00]} Bd4+ {[%emt 0:00:01]} 79. Kh2 {[%emt 0:00:00]} Kh4 {[%emt 0:00:00] (Lag: Av=0.79s, max=3.7s) (Lag: Av=0.79s, max=3.7s) (Lag: Av=0.79s, max=3.7s)} 1/2-1/2

[Event "Stay Safe Play From Home 392"]
[Site "Emanuel Lasker Arena"]
[Date "2020.08.18"]
[Round "3"]
[White "IceQueen"]
[Black "SashaGrebeniuc"]
[Result "1-0"]
[WhiteElo "2348"]
[BlackElo "1096"]
[PlyCount "49"]
[EventDate "2020.08.18"]
[EventType "swiss (blitz)"]

1. e4 {[%emt 0:00:01]} c6 {[%emt 0:00:04]} 2. Nc3 {[%emt 0:00:00]} e5 {[%emt 0:00:03]} 3. Nf3 {[%emt 0:00:00]} Bb4 {[%emt 0:00:06]} 4. Nxe5 {[%emt 0:00:02]} d6 {[%emt 0:00:01]} 5. Nd3 {[%emt 0:00:01]} Bxc3 {[%emt 0:00:02]} 6. dxc3 {[%emt 0:00:00]} Nf6 {[%emt 0:00:02]} 7. f3 {[%emt 0:00:00]} Be6 {[%emt 0:00:03]} 8. Be2 {[%emt 0:00:00]} Nbd7 {[%emt 0:00:01]} 9. O-O {[%emt 0:00:00]} O-O {[%emt 0:00:02]} 10. Bf4 {[%emt 0:00:00]} Qb6+ {[%emt 0:00:02]} 11. Kh1 {[%emt 0:00:01]} d5 {[%emt 0:00:01]} 12. e5 {[%emt 0:00:02]} Ne8 {[%emt 0:00:04]} 13. Qd2 {[%emt 0:00:02]} f6 {[%emt 0:00:05]} 14. Be3 {[%emt 0:00:02]} fxe5 {[%emt 0:00:02]} 15. Bxb6 {[%emt 0:00:02]} axb6 {[%emt 0:00:05]} 16. Rae1 {[%emt 0:00:01]} e4 {[%emt 0:00:02]} 17. fxe4 {[%emt 0:00:01]} dxe4 {[%emt 0:00:02]} 18. Rxf8+ {[%emt 0:00:00]} Kxf8 {[%emt 0:00:02]} 19. Nf4 {[%emt 0:00:00]} Ke7 {[%emt 0:00:02]} 20. Nxe6 {[%emt 0:00:01]} Kxe6 {[%emt 0:00:01]} 21. Bg4+ {[%emt 0:00:00]} Kf7 {[%emt 0:00:02]} 22. Qxd7+ {[%emt 0:00:00]} Kg8 {[%emt 0:00:02]} 23. Be6+ {[%emt 0:00:01]} Kh8 {[%emt 0:00:02]} 24. Rf1 {[%emt 0:00:02]} Nf6 {[%emt 0:00:03]} 25. Rxf6 {[%emt 0:00:01] Время Время Время ' ' '} 1-0